Województwa przez które przepływa Wisła - Statystyki

Ogólne statystyki
  • Ten quiz został rozwiązany 28 razy
  • Średni wynik to 8 z 8
Statystyki odpowiedzi
Województwo % Poprawnych
Pomorskie
100%
Kujawsko-pomorskie
100%
Małopolskie
100%
Mazowieckie
100%
Podkarpackie
96%
Lubelskie
88%
Śląskie
88%
Świętokrzyskie
88%
Nie znaleziono quizów pasujących do podanych kryteriów
Rozkład punktacji
Procent ludzi z każdym wynikiem
Percentyl według liczby udzielonych odpowiedzi
Twoja historia wyników
Nie rozwiązałeś tego quizu